ARRUPE JESUIT UNIVERSITY

CORONAVIRUS -STOP THE SPREAD - CLEAN,DISINFECT,COVER

L'articulation du sens / (Record no. 124802)

MARC details
000 -LEADER
fixed length control field 00993cam a2200313ua 4500
001 - CONTROL NUMBER
control field 4455671
003 - CONTROL NUMBER IDENTIFIER
control field ARRUPE
005 - DATE AND TIME OF LATEST TRANSACTION
control field 20160715095216.0
008 - FIXED-LENGTH DATA ELEMENTS--GENERAL INFORMATION
fixed length control field 860722s1984 fr b 001 0 fre
010 ## - LIBRARY OF CONGRESS CONTROL NUMBER
LC control number 84239123
020 ## - INTERNATIONAL STANDARD BOOK NUMBER
International Standard Book Number 2204021423 (v. 1) :
020 ## - INTERNATIONAL STANDARD BOOK NUMBER
International Standard Book Number 2204021555 (v. 2) :
035 ## - SYSTEM CONTROL NUMBER
System control number (OCoLC)224173056
035 ## - SYSTEM CONTROL NUMBER
System control number (OCoLC)ocn224173056
035 ## - SYSTEM CONTROL NUMBER
System control number (NNC)4455671
040 ## - CATALOGING SOURCE
Modifying agency CStRLIN
Transcribing agency ARRUPE
050 0# - LIBRARY OF CONGRESS CALL NUMBER
Classification number BL240.2.L26
300 ## - PHYSICAL DESCRIPTION
Dimensions 22 cm.
100 1# - MAIN ENTRY--PERSONAL NAME
Personal name Ladrière, Jean.
9 (RLIN) 15261
245 12 - TITLE STATEMENT
Title L'articulation du sens /
Statement of responsibility, etc Jean Ladrière.
260 ## - PUBLICATION, DISTRIBUTION, ETC. (IMPRINT)
Place of publication, distribution, etc Paris :
Name of publisher, distributor, etc Cerf,
Date of publication, distribution, etc 1984.
300 ## - PHYSICAL DESCRIPTION
Extent 2 v. ;
490 1# - SERIES STATEMENT
Series statement Cogitatio fidei,
International Standard Serial Number 0587-6036 ;
Volume number/sequential designation 124-125
504 ## - BIBLIOGRAPHY, ETC. NOTE
Bibliography, etc Includes bibliographical references and indexes.
505 0# - FORMATTED CONTENTS NOTE
Formatted contents note 1. Discours scientifique et parole de la foi -- 2. Les langues de la foi.
650 #0 - SUBJECT ADDED ENTRY--TOPICAL TERM
Topical term or geographic name as entry element Language and languages
General subdivision Religious aspects
-- Christianity.
9 (RLIN) 11284
830 #0 - SERIES ADDED ENTRY--UNIFORM TITLE
Uniform title Cogitatio fidei ;
Volume number/sequential designation 124-125.
9 (RLIN) 24398
942 ## - ADDED ENTRY ELEMENTS (KOHA)
Source of classification or shelving scheme Library of Congress Classification
Koha item type Monograph ( Printed materials)
Holdings
Withdrawn status Lost status Source of classification or shelving scheme Damaged status Not for loan Home library Current library Date acquired Total Checkouts Full call number Barcode Date last seen Copy number Price effective from Koha item type
    Library of Congress Classification     ARRUPE LIBRARY ARRUPE LIBRARY 15/07/2016   BL240.2.L26 46500008500 01/08/2016 V.1 15/07/2016 Monograph ( Printed materials)
    Library of Congress Classification     ARRUPE LIBRARY ARRUPE LIBRARY 15/07/2016   BL240.2.L26 46500008465 01/08/2016 V.2 15/07/2016 Monograph ( Printed materials)

 

Arrupe Library. PO Box MP320 Mt Pleasant, Harare, Zimbabwe
263 242 745411|librarian@aju.ac.zw